Normal view
MARC view
- المنسي، سالم علي
Entry Personal Name
001 - CONTROL NUMBER
- control field: 15586
003 - CONTROL NUMBER IDENTIFIER
- control field: JO-AjAnu
005 - DATE AND TIME OF LATEST TRANSACTION
- control field: 20230606072803.0
008 - FIXED-LENGTH DATA ELEMENTS
- fixed length control field: 230606|| aca||aabn | a|a d
040 ## - CATALOGING SOURCE
- Original cataloging agency: JO-AjAnu
- Transcribing agency: JO-AjAnu
100 ## - HEADING--PERSONAL NAME
- Personal name: المنسي، سالم علي
670 ## - SOURCE DATA FOUND
- Source citation: Work cat.: (JO-AjAnu)8004: المنسي، سالم علي, author, تاريخ وبطولات كرة السلة: سجل كامل لتاريخ كرة القدم واهم بطولاتها العالمية والقارية والانجليزية والعربية